书目信息 |
| 题名: |
高考数学能力新突破
|
|
| 作者: | 张学文 编著 | |
| 分册: | ||
| 出版信息: | 上海 东华大学出版社 2004.7 |
|
| 页数: | 378页 | |
| 开本: | 26cm | |
| 丛书名: | ||
| 单 册: | ||
| 中图分类: | G634.6 | |
| 科图分类: | ||
| 主题词: | 数学--shu xue--高中--升学参考资料 | |
| 电子资源: | ||
| ISBN: | 7-81038-829-0 | |
| 000 | 00816nam0 2200217 450 | |
| 001 | 012006000794 | |
| 005 | 20061228151655.14 | |
| 010 | @a7-81038-829-0@dCNY29.80 | |
| 100 | @a20061116d2004 em y0chiy0121 ea | |
| 101 | 0 | @achi |
| 102 | @aCN@b310000 | |
| 105 | @ay z 000yy | |
| 200 | 1 | @a高考数学能力新突破@Agao kao shu xue neng li xin tu po@f张学文编著 |
| 210 | @a上海@c东华大学出版社@d2004.7 | |
| 215 | @a378页@d26cm | |
| 330 | @a本书对高考的重点内容、主要题型, 高中数学中的疑难问题, 分别从不同的角度加以剖析, 全书共分为十四章, 主要包括: 集合与命题; 函数; 方程与不等式; 排列组合与二项式定理; 概率与统计初步; 向量及其应用; 空间图形等内容。 | |
| 606 | 0 | @a数学@Ashu xue@x高中@j升学参考资料 |
| 690 | @aG634.6@v4 | |
| 701 | 0 | @a张学文@Azhang xue wen@4编著 |
| 801 | 0 | @aCN@c20061228 |
| 905 | @a10447@dG634.6@eZ210 | |
| 高考数学能力新突破/张学文编著.-上海:东华大学出版社,2004.7 |
| 378页;26cm |
| ISBN 7-81038-829-0:CNY29.80 |
| 本书对高考的重点内容、主要题型, 高中数学中的疑难问题, 分别从不同的角度加以剖析, 全书共分为十四章, 主要包括: 集合与命题; 函数; 方程与不等式; 排列组合与二项式定理; 概率与统计初步; 向量及其应用; 空间图形等内容。 |
| ● |
| 相关链接 |
|
|
|
正题名:高考数学能力新突破
索取号:G634.6/Z210
 
预约/预借
| 序号 | 登录号 | 条形码 | 馆藏地/架位号 | 状态 | 备注 |
| 1 | 640147 | 206401473 | 社科库409/409社科库 8排4列2层/ [索取号:G634.6/Z210] |
已借出,限还日期为2025.05.26 借出人:岳振英 |
|
| 2 | 640148 | 206401482 | 社科库409/422社科库 48排2列5层/ [索取号:G634.6/Z210] | 在馆 | |
| 3 | 640149 | 206401491 | 社科库409/409社科库 8排4列2层/ [索取号:G634.6/Z210] | 在馆 |